000 00521nam a2200181 4500
003 SEACOMMC
005 20250425135416.0
008 241127b |||||||| |||| 00| 0 eng d
020 _a 978-0-07-462235-3
_cRs.315.00
040 _aSEACOMMC
082 _a 621.381958
_bM 27
100 _aMalvino, Albert Paul
245 1 _aDigital Computer Electronics
_cAlbert Paul Malvino[ and] Jerald A. Brown
250 _a3rd ed.
260 _a New Delhi
_b Tata Mc Graw Hill
_c 1995
650 _a Digital Computers
942 _cBOOK
999 _c797
_d797